000 00529nam a2200193Ia 4500
005 20250326142314.0
008 250326s9999 xx 000 0 und d
020 _a81-7476-211-6
037 _aTextbook
040 _aFMSL
_beng
_cFMSL
041 _aeng
_2eng
084 _aX.44 N8
_qFMSL
100 _aRangarajan C
245 0 _aIndian economy: Essays on money and fice
_cRangarajan C
260 _aNew Delhi
_bNew Delhi, U B S
_c1998
300 _axix,330
942 _cTB
_hX.44 N8
999 _c1294397
_d1294397